MARC details
| 000 -LEADER |
| fixed length control field |
01426nam a2200253 a 4500 |
| 008 - FIXED-LENGTH DATA ELEMENTS--GENERAL INFORMATION |
| fixed length control field |
100728s2010 ||||||||||||||||| || u |
| 020 ## - INTERNATIONAL STANDARD BOOK NUMBER |
| International Standard Book Number |
9782869783072 |
| 050 ## - LIBRARY OF CONGRESS CALL NUMBER |
| Classification number |
CODESRIA(02) |
| 100 ## - MAIN ENTRY--PERSONAL NAME |
| Personal name |
Neocosmos, Michael |
| 245 10 - TITLE STATEMENT |
| Title |
From 'foreign natives' to 'native foreigners': explaining xenophobia in post-apatheid South Africa, citizenship and nationalism, identity and politics |
| Statement of responsibility, etc. |
by Michael Neocosmos |
| 260 ## - PUBLICATION, DISTRIBUTION, ETC. |
| Place of publication, distribution, etc. |
Dakar, Senegal: |
| Name of publisher, distributor, etc. |
Council for the Development of Social Research in Africa (CODESRIA) |
| Date of publication, distribution, etc. |
2010 |
| 300 ## - PHYSICAL DESCRIPTION |
| Extent |
xiv, 172p.: ill. |
| 350 ## - PRICE (NR) (BK AM CF MU VM SE) [OBSOLETE] |
| Price |
0.00 |
| 362 1# - DATES OF PUBLICATION AND/OR SEQUENTIAL DESIGNATION |
| Dates of publication and/or sequential designation |
<p>CODESRIA Monograph Series, 2006</p> |
| 490 ## - SERIES STATEMENT |
| Series statement |
CODESRIA Book series |
| 650 ## - SUBJECT ADDED ENTRY--TOPICAL TERM |
| Topical term or geographic name entry element |
XENOPHOBIA--SOUTH AFRICA |
| 650 ## - SUBJECT ADDED ENTRY--TOPICAL TERM |
| Topical term or geographic name entry element |
FOREIGN WORKERS--SOUTH AFRICA |
| 650 ## - SUBJECT ADDED ENTRY--TOPICAL TERM |
| Topical term or geographic name entry element |
NATIONALISM--SOUTH AFRICA |
| 650 ## - SUBJECT ADDED ENTRY--TOPICAL TERM |
| Topical term or geographic name entry element |
SOUTH AFRICA--EMIGRATION AND IMMIGRATION--GOVERNMENT POLICY |
| 710 ## - ADDED ENTRY--CORPORATE NAME |
| Corporate name or jurisdiction name as entry element |
Council for the Development of Social Science Research in Africa (CODESRIA) |
| 995 ## - RECOMMENDATION 995 [LOCAL, UNIMARC FRANCE] |
| -- |
CBU-MAIN LIBRARY (Kitwe) |
| -- |
0.00 |
| -- |
2 |
| -- |
AVAILABLE |
| -- |
Jan 22, 2013 |
| -- |
International Publications |
| 995 ## - RECOMMENDATION 995 [LOCAL, UNIMARC FRANCE] |
| -- |
CBU-DAG HAMMARSKJOLD INSTITUTE LIBRARY |
| -- |
0.00 |
| -- |
1 |
| -- |
AVAILABLE |
| -- |
Jan 7, 2013 |
| -- |
DHIPS Book Collection |
| 995 ## - RECOMMENDATION 995 [LOCAL, UNIMARC FRANCE] |
| -- |
CBU-MAIN LIBRARY (Kitwe) |
| -- |
0.00 |
| -- |
3 |
| -- |
AVAILABLE |
| -- |
Jan 21, 2014 |
| -- |
International Publications |